Introduction to electric circuits (Record no. 545563)

000 -LEADER
fixed length control field 00482nam a2200157 4500
020 ## - INTERNATIONAL STANDARD BOOK NUMBER
International Standard Book Number 0471732605
082 00 - DEWEY DECIMAL CLASSIFICATION NUMBER
Classification number 621.31921
Author Mark ROM
-- L-10, P-42
100 1# - MAIN ENTRY--PERSONAL NAME
Personal name Romanowitz, Harry Alex,
9 (RLIN) 41461
245 10 - TITLE STATEMENT
Title Introduction to electric circuits
Statement of responsibility, etc. [by] H. Alex Romanowitz.
260 ## - PUBLICATION, DISTRIBUTION, ETC.
Place of publication, distribution, etc. New York,
Name of publisher, distributor, etc. Wiley
Date of publication, distribution, etc. [1970, c1971]
300 ## - PHYSICAL DESCRIPTION
Extent xvi, 624 p.
Other physical details illus.
Dimensions 24 cm.
526 ## - STUDY PROGRAM INFORMATION NOTE
Program name 0
Interest level 0
Reading level 0
Title point value 621_319210000000000_ROM
650 #0 - SUBJECT ADDED ENTRY--TOPICAL TERM
Topical term or geographic name entry element Electric circuits.
9 (RLIN) 10997
650 #0 - SUBJECT ADDED ENTRY--TOPICAL TERM
Topical term or geographic name entry element MCE
9 (RLIN) 379
942 ## - ADDED ENTRY ELEMENTS (KOHA)
Source of classification or shelving scheme
Koha item type Book
Holdings
Withdrawn status Lost status Source of classification or shelving scheme Damaged status Not for loan Permanent Location Current Location Date acquired Total Checkouts Full call number Barcode Date last seen Price effective from Koha item type
          Military College of Engineering (MCE) Military College of Engineering (MCE) 05/27/2014   621.31921 ROM MCE-3905 05/27/2014 05/27/2014 Book
© 2023 Central Library, National University of Sciences and Technology. All Rights Reserved.